გლობალიზაცია და მისი თანმდევი უკმაყოფილება = Globalization and its discontents / (ბიბ.ჩანაწერი № 36887)
[ მარტივი ფორმატი ]
| 000 -ლიდერი | |
|---|---|
| ფიქსირებული სიგრძის საკონტროლო ველი | 01208nam a2200253Ia 4500 |
| 001 - საკონტროლო ნომერი | |
| საკონტროლო ველი | 2837 |
| 003 - საკონტროლო ნომრის იდენტიფიკატორი | |
| საკონტროლო ველი | GE_BSU |
| 005 - ბოლო ოპერაციის თარიღი და დრო | |
| საკონტროლო ველი | 20190610211840.0 |
| 008 - ფიქსირებული სიგრძის მონაცემთა ელემენტები - ზოგადი ინფორმაცია | |
| ფიქსირებული სიგრძის საკონტროლო ველი | 181216s2012||||ge |||||||||||||| ||geo|| |
| 020 ## - წიგნის საერთაშორისო სტანდარტული ნომერი | |
| International Standard Book Number | 9789941924286 |
| 040 ## - კატალოგიზაციის წყარო | |
| Transcribing agency | GE_BSU |
| 041 ## - ენის კოდი | |
| Language code of text/sound track or separate title | geo |
| 080 ## - უნივერსალური ათობითი კლასიფიკაციის ინდექსი | |
| Universal Decimal Classification number | 316.32+339.924+005.4 ს–84 |
| 100 ## - მთავარი ჩანაწერი - პიროვნების სახელი | |
| Personal name | სტიგლიცი, ჯოზეფ |
| 9 (RLIN) | 45 |
| 245 ## - ცნობა სათაურის შესახებ | |
| Title | გლობალიზაცია და მისი თანმდევი უკმაყოფილება = Globalization and its discontents / |
| Statement of responsibility, etc | ჯოზეფ სტიგლიცი ; მთარგმნ. ლია ჯამბურია ; რედ. გიორგი აბაშიშვილი. |
| 264 ## - წარმოების, გამოცემის, დისტრიბუციის და სხვა ცნობები | |
| გამოცემის, წარმოების, დისტრიბუციის... ადგილი | თბილისი : |
| გამოცემის, წარმოების, დისტრიბუციის... სახელწოდება | ,,რადარმი'', |
| გამოცემის, წარმოების, დისტრიბუციის... თარიღი | 2012. |
| 300 ## - ფიზიკური აღწერა | |
| Extent | 382 გვ.; |
| Other physical details | 20 სმ. |
| 500 ## - ზოგადი შენიშვნა | |
| General note | თავფურ. ქართ. და ინგლ. |
| 501 ## - შენიშვნა თანმხლებ მასალაზე | |
| With note | შენიშვნ.: გვ. 365-381. |
| 653 ## - INDEX TERM--UNCONTROLLED | |
| Uncontrolled term | გლობალიზაცია |
| 700 ## - ADDED ENTRY--PERSONAL NAME | |
| Personal name | ჯამბურია, ლია |
| Relator term | მთარგმნელი |
| 9 (RLIN) | 2388 |
| 700 ## - ADDED ENTRY--PERSONAL NAME | |
| Personal name | აბაშიშვილი, გიორგი |
| Relator term | რედაქტორი |
| 9 (RLIN) | 2389 |
| 942 ## - ADDED ENTRY ELEMENTS (KOHA) | |
| Koha item type | წიგნი |
| Source of classification or shelving scheme | |
| ჩამოწერის სტატუსი | დაკარგული ეგზემპლარის სტატუსი | კლასიფიკაციის წყარო ან თაროზე გაწყობის სქემა | დაზიანების სტატუსი | არ გაიცემა | მუდმივი მდებარეობა (დაცვის ადგილი) | ამჟამინდელი ადგილსამყოფელი | თაროზე განთავსების ადგილი | შეძენის თარიღი | ღირებულება, შესყიდვის ნორმალური ფასი | სრული შენახვის შიფრი | შტრიხკოდი | ბოლო ოპერაციის თარიღი | ეგზემპლარის მიმდევრობითი ნომერი (კეტერი?) | ფასის ძალაში შესვლის თარიღი | ეგზემპლარის სახეობა | საჯარო შენიშვნა |
|---|---|---|---|---|---|---|---|---|---|---|---|---|---|---|---|---|
| ბათუმის შოთა რუსთაველის სახელმწიფო უნივერსიტეტის მთავარი ბიბლიოთეკა | ბათუმის შოთა რუსთაველის სახელმწიფო უნივერსიტეტის მთავარი ბიბლიოთეკა | წიგნსაცავი | 2018-12-17 | 10.00 | 316.32+339.924+005.4 ს–84 | 4784 | 2018-12-17 | 4784 | 2018-12-17 | წიგნი | 10.00 ₾. | |||||
| ბათუმის შოთა რუსთაველის სახელმწიფო უნივერსიტეტის მთავარი ბიბლიოთეკა | ბათუმის შოთა რუსთაველის სახელმწიფო უნივერსიტეტის მთავარი ბიბლიოთეკა | წიგნსაცავი | 2018-12-17 | 10.00 | 316.32+339.924+005.4 ს–84 | 4785 | 2018-12-17 | 4785 | 2018-12-17 | წიგნი | 10.00 ₾. | |||||
| ბათუმის შოთა რუსთაველის სახელმწიფო უნივერსიტეტის მთავარი ბიბლიოთეკა | ბათუმის შოთა რუსთაველის სახელმწიფო უნივერსიტეტის მთავარი ბიბლიოთეკა | წიგნსაცავი | 2018-12-17 | 10.00 | 316.32+339.924+005.4 ს–84 | 4786 | 2018-12-17 | 4786 | 2018-12-17 | წიგნი | 10.00 ლ. | |||||
| ბათუმის შოთა რუსთაველის სახელმწიფო უნივერსიტეტის მთავარი ბიბლიოთეკა | ბათუმის შოთა რუსთაველის სახელმწიფო უნივერსიტეტის მთავარი ბიბლიოთეკა | წიგნსაცავი | 2018-12-17 | 10.00 | 316.32+339.924+005.4 ს–84 | 5173 | 2018-12-17 | 5173 | 2018-12-17 | წიგნი | 10.00 ₾. | |||||
| ბათუმის შოთა რუსთაველის სახელმწიფო უნივერსიტეტის მთავარი ბიბლიოთეკა | ბათუმის შოთა რუსთაველის სახელმწიფო უნივერსიტეტის მთავარი ბიბლიოთეკა | წიგნსაცავი | 2018-12-17 | 10.00 | 316.32+339.924+005.4 ს–84 | 5172 | 2018-12-17 | 5172 | 2018-12-17 | წიგნი | 10.00 ₾. | |||||
| ბათუმის შოთა რუსთაველის სახელმწიფო უნივერსიტეტის მთავარი ბიბლიოთეკა | ბათუმის შოთა რუსთაველის სახელმწიფო უნივერსიტეტის მთავარი ბიბლიოთეკა | წიგნსაცავი | 2018-12-17 | 10.00 | 316.32+339.924+005.4 ს–84 | 55317 | 2018-12-17 | 55317 | 2018-12-17 | წიგნი | 10.00 ლ. |
